TRYING ON SHOES - Tate McRae - Statistics

General Stats
  • This quiz has been taken 84 times
    45 since last reset
  • The average score is 264 of 346
Answer Stats
% Correct
I
100%
a
97%
I'm
97%
I'm)
97%
you
97%
You
97%
you)
97%
you,
97%
me
93%
me,
93%
on
93%
shoes,
93%
to
93%
Tryin'
93%
bitter
90%
can
90%
Can
90%
Don't
90%
don't
90%
glitter
90%
in,
90%
in
90%
know
90%
less
90%
little
90%
make
90%
puttin'
90%
so,
90%
(So
90%
So,
90%
Anything
87%
but
87%
go
87%
it
87%
like,
87%
(My
87%
my
87%
of
87%
picture
87%
the
87%
your
87%
and
83%
(And
83%
And
83%
blue,
83%
country
83%
dealing?
83%
Favorite
83%
feelin'
83%
for
83%
God
83%
Got
83%
pretty
83%
swear
83%
that
83%
what
83%
can't
80%
Did
80%
forget
80%
"Fuck"
80%
how
80%
I'll
80%
kind
80%
right)
80%
stop
80%
take
80%
turn
80%
always
77%
bitch
77%
else
77%
love
77%
off
77%
off,
77%
whom
77%
with
77%
body's
73%
delete
73%
fall
73%
is
73%
Is
73%
piss
73%
pool
73%
reason
73%
somebody
73%
all
70%
(All
70%
every
70%
hard,
70%
hard
70%
someone
70%
You'll
70%
around
67%
diary
67%
not
67%
Yeah,
67%
(Yeah)
67%
yeah,
67%
at
63%
be
63%
dropped
63%
knows
63%
out
63%
see
63%
girl
60%
knew
60%
once,
60%
once?
60%
thought
60%
we
60%
baby,
57%
eyes
57%
maybe
57%
never
57%
roll
57%
used
57%
back
53%
forgot
53%
line)
53%
loved
53%
must've
53%
took
53%
truth)
53%
(Erased
50%
move
50%
(Oh)
50%
remind)
50%
type
50%
year
50%
(If
47%
Just,
47%
just
47%
reveal
47%
shows,
47%
talk
47%
pace,
43%
place
43%
up
43%
were
43%
front
40%
guess
40%
isn't
40%
need?
40%
need
40%
Or
40%
you'd
40%
believe
37%
cause
37%
It's
37%
it's
37%
thinkin'
37%
wrong
37%
wait,
33%
home,
30%
Stayin'
30%
turning
27%
(Ah)
23%
(Ah,
23%
ah)
23%
seat
23%
warming
23%
compete
20%
idolizе
3%
thе
3%
No matching quizzes found
Score Distribution
Percent of People with Each Score
Percentile by Number Answered
Your Score History
You have not taken this quiz since the last reset